000 00494pab a2200157 454500
008 180718b2002 xxu||||| |||| 00| 0 eng d
100 _aJasparro, Chris
245 _aEnvironmental security and ingenuity in the pacific: case studies of local biodiversity protection and regional fisherie management
260 _c2002
300 _ap.1-17.
362 _aSpring
650 _aEnvironmental management
700 _aShibuya, Eric
773 _aRegional Development Dialogue
909 _a53169
999 _c53169
_d53169